Youth development in India: Future generations in a changing world (Record no. 394207)

MARC details
000 -LEADER
fixed length control field 00608 a2200217 4500
005 - DATE & TIME
control field 20260314093246.0
008 - FIXED-LENGTH DATA ELEMENTS--GENERAL INFORMATION
fixed length control field 260313b |||||||| |||| 00| 0 eng d
020 ## - ISBN
International Standard Book Number 9781032332499
Price Rs. 1495.00
040 ## - CATALOGING SOURCE
Original cataloging agency VIVEKANANDA LIBRARY
082 ## - DDC NUMBER
Classification number 305.2350954
Book Number D35Y
100 ## - MAIN ENTRY--PERSONAL NAME
Personal name Sibnath, Dev, ed.
245 ## - TITLE STATEMENT
Title Youth development in India: Future generations in a changing world
260 ## - PUBLICATION, DISTRIBUTION, ETC. (IMPRINT)
Name of publisher, distributor, etc Routledge
Date of publication, distribution, etc 2022
Place of publication, distribution, etc New York
300 ## - PHYSICAL DESCRIPTION
Pages xix, 342
650 ## - Subject
Subject Sociology
650 ## - Subject
Subject Social Groups
650 ## - Subject
Subject Youth in India
700 ## - Added Entry Personal Name
Added Entry Personal Name Majumdar, Bishakha, ed.
700 ## - Added Entry Personal Name
Added Entry Personal Name Sunny, Aleena Maria, ed.
942 ## - ADDED ENTRY ELEMENTS (KOHA)
Koha item type Books
Holdings
Withdrawn status Lost status Source of classification or shelving scheme Damaged status Not for loan Location (home branch) Sublocation or collection (holding branch) Shelving location Date acquired Koha issues (times borrowed) Koha full call number Accession No. Koha date last seen Koha item type
    Dewey Decimal Classification     VIVEKANANDA LIBRARY VIVEKANANDA LIBRARY Dr. Mangal Sen Chair 17/02/2026   305.2350954 D35Y 438305 17/02/2026 Books
© Designed and Maintained by Vivekananda Library, MDU Rohtak